000
00271nam a2200121Ia 4500
008
220204s9999 xx 000 0 und d
082
_a
91 (100)
_b
WRI
100
_a
Esmond
245
0
_a
World today
250
_a
Ed.4
260
_a
London
_b
McGraw Hill
_c
1978
942
_c
BK
999
_c
29922
_d
29922